| 000 | 00553nam a22002057a 4500 | ||
|---|---|---|---|
| 003 | OSt | ||
| 005 | 20161206133721.0 | ||
| 008 | 161206b xxu||||| |||| 00| 0 eng d | ||
| 020 | _a9780750688864 | ||
| 040 | _cDNLM | ||
| 082 | _aWS348 P569t 2007 | ||
| 100 |
_aEditor Pountney, Teresa _911350 |
||
| 245 | _aPhysiotherapy for Children | ||
| 260 | _aEdinburgh; Butterworth, 2007 | ||
| 300 | _axiv,360p; col.ill: 25.5cm | ||
| 504 | _aReferences, & index included | ||
| 650 |
_aPhysiotherapy _91959 |
||
| 650 |
_aPediatrics _93353 |
||
| 942 |
_2z _cO_SHELF |
||
| 999 |
_c5430 _d5430 |
||